Lexikologie des Deutschen eine Einführung

Bibliographic Details
Main Authors: Römer, Christine (Author), Matzke, Brigitte (Author)
Format: Book
Language:German
PhysicalDescription:ix, 226 s. grafy 24 cm
Published: Tübingen Gunter Narr c2003
ISBN:3823349961
ISSN:0941-8105
Series:Narr Studienbücher
Subjects:

MARC

LEADER 00000nam a2200000 a 4500
001 vtls001483015
003 SK-MaSNL
005 20260301225358.0
008 240313s2003 gw d g p 00100 ger
020 |a 3823349961  |q (brož.) 
035 |a SNK000438311 
040 |a SNK  |b slo  |c SNK  |e AACR2 
041 0 |a ger 
044 |a gw  |c DE 
072 7 |a 811.112.2  |x Nemčina  |2 konspekt 
080 |a 811.112.2  |2 MDT-MRF 
080 |a 81`373  |2 MDT-MRF 
080 |a (07)  |2 MDT-MRF 
100 1 |a Römer, Christine  |4 aut  |9 400947 
245 1 0 |a Lexikologie des Deutschen  |b eine Einführung  |c Christine Römer, Brigitte Matzke 
260 |a Tübingen  |b Gunter Narr  |c c2003 
300 |a ix, 226 s.  |b grafy  |c 24 cm 
490 1 |a Narr Studienbücher  |x 0941-8105 
650 0 7 |a nemčina  |2 SNKPH  |9 1384 
650 0 7 |a lexikológia  |2 SNKPH  |9 866 
655 7 |a učebné texty  |2 SNKPH  |9 70568 
700 1 |a Matzke, Brigitte  |4 aut  |9 400948 
830 0 |a Narr Studienbücher  |9 295413 
919 |a 3-8233-4996-1 
999 |c 950680  |d 952610 
952 |t P60, <04>, [BOOK], {604}, -K-  |a SNK  |b SNK  |y VYP  |7 0  |p 17A0449881  |o snkIC 131784  |i snkV 1535/2004  |8 2  |g 26.95  |0 0  |1 0  |4 0  |d 2004-10-06  |l 0  |r 2005-01-02 00:00:00  |w 2026-02-24